=LDR 00000nam 2200000 4500 =001 INLIS000000000047314 =005 20151008123048.0 =006 =007 =008 =020 ##$$a 979-9417-60-0 =035 ##$$0010-101500000000025 =040 ##$$a ind =082 ##$$a 531.14 =090 ##$$a 531.14 $b mas =100 ##$$a Masita =245 ##$$a Petualangan IPA : Gaya Dan =260 ##$$a Pustaka Anging Mamiri $b 2008 =300 ##$$a iv, 52 hlmn $b 23 cm =850 ##$$a NBPDMAT =990 ##$$a 0001/BPAP-NTB/2015